00496nam a2200193 a 4500001001300000003000900013005001700022008004100039020001000080082001500090100002100105245003800126260003700164300000900201500003500210505001000245650002600255700002100281nice12345678IN_TiNIC20260116012115.0050524s1886 lona grp 000 0 eng  ac10000a231.7bBRU aBruce, A Balmain aMiraculous Element in the Gospels aLondonbHodder & Stoughtonc1886 a391p aincludes index and biblioraphy2 aIndex aJesus Christ-Miracles1 aBruce, A Balmain